Strategizing

Na akých princípoch budovať adaptabilnú firmu tak, aby mala pred sebou bezpečný a kľudný život. Strategická slepota. Strategický apartheid. Nedostatok strategických alternatív. Strategická alokačná nepružnosť. Zraniteľnosť stratégií. Možné terapie - diverzifikované podnikanie, vyššia strategická vý...

Ausführliche Beschreibung

Gespeichert in:
Bibliographische Detailangaben
1. Verfasser: Chaľ, Ján
Format: Buchkapitel
Sprache:Tschechisch
Schlagworte:
Tags: Tag hinzufügen
Keine Tags, Fügen Sie das erste Tag hinzu!

MARC

LEADER 00000naa a2200000 4500
001 0132501
005 20240315070637.0
041 0 |a cze 
044 |a CZ 
245 1 0 |a Strategizing  |c Ján Chaľ 
520 |a Na akých princípoch budovať adaptabilnú firmu tak, aby mala pred sebou bezpečný a kľudný život. Strategická slepota. Strategický apartheid. Nedostatok strategických alternatív. Strategická alokačná nepružnosť. Zraniteľnosť stratégií. Možné terapie - diverzifikované podnikanie, vyššia strategická výkonnosť, strategická adaptabilita, strategická prezieravosť (foresight). Strategická aktivita. Strategické kľúčové procesy. Tvorba nových znalostí. Talenty. 
610 2 0 |a riadenie strategické 
610 2 0 |a podnikanie 
610 2 0 |a firmy 
610 2 0 |a výkonnosť 
610 2 0 |a pružnosť 
610 2 0 |a procesy podnikové 
610 2 0 |a vedomosti 
610 2 0 |a talenty 
100 1 |a Chaľ, Ján